[Event "Stockholm Chess Challenge 2019"]
[Site "Stockholm"]
[Date "2019.04.27"]
[Round "3.4"]
[White "Savitha Shri B"]
[Black "Sorensen, Hampus"]
[Result "1/2-1/2"]
[WhiteElo "1895"]
[BlackElo "2319"]
[Annotator "TA"]
[PlyCount "133"]
[EventDate "2019.04.26"]
[EventType "swiss"]
[EventCountry "SWE"]
[SourceTitle "playchess.com"]
[Source "ChessBase"]
[SourceQuality "1"]

{[%evp 14,133,29,26,27,34,32,15,38,35,34,0,2,-18,-11,-27,-32,-77,-43,-77,-24,-74,-53,-199,-194,-254,-245,-261,-179,-288,-202,-337,-185,-194,-100,-115,-14,-20,276,-112,-114,-197,-74,-259,-266,-320,-281,-432,-382,-359,-297,-395,-388,-383,-312,-317,-214,-229,-228,-227,-144,-441,-323,-316,-316,-319,-299,-341,-183,-191,-181,-189,-36,-27,0,-88,-115,-99,-124,-123,-112,-108,-108,-164,-181,-135,-24,-24,-24,-29,-24,-43,-51,-277,-225,-5620,-5102,-29970,-29958,-29958,-29958,-29972,-6631,-1712,-4566,-29971,0,0,0,-29971,-29972,-4631,0,0,0,0,0,0,0,0,0,0]} 1. e4 e5 2. Nf3 Nc6 3. Bb5 g6 4. O-O Bg7 5. c3 a6 6. Ba4 Nge7 7. d4 exd4 8. cxd4 b5 {C60: Ruy Lopez: Unusual Black 3rd moves and 3...g6} 9. Bc2 O-O (9... d5 10. exd5 Nb4 11. Bb3 Nbxd5 12. Nc3 O-O 13. Re1 h6 14. h3 Nxc3 15. bxc3 Bb7 16. Ne5 {½-½ (40) Caruana,F (2816)-Giri,A (2782) Leuven 2018}) 10. Nc3 d6 11. d5 Na5 12. Nd4 Bb7 13. f4 c5 14. dxc6 Nexc6 15. Nf3 $146 ({Predecessor:} 15. Nxc6 Bxc6 16. Nd5 Bxd5 17. Qxd5 {1-0 (38) Abelakiotis,S (1866)-Chatzieleftheriou,A (1810) Achaea 2016}) 15... Nc4 16. f5 N6e5 (16... Rc8 $17) 17. Nd4 Rc8 18. b3 (18. a4 $15) 18... Nb6 $1 $19 19. Nce2 (19. Bb2 $142) 19... d5 $1 20. Bb2 Ng4 {Strongly threatening ...Ne3.} 21. Qd3 (21. Qb1 $142) 21... dxe4 22. Qh3 {[#]} (22. Qg3 $142 h5 23. fxg6) 22... Nf6 (22... Rxc2 $142 $1 {[%mdl 512]} 23. Nxc2 Bxb2 24. Qxg4 Qd2) 23. Rad1 Qe7 ({Black should play} 23... Nbd5 $19 24. Bc1 Qe8) 24. fxg6 $17 hxg6 ({Black should try} 24... fxg6 $17 25. Bc1 Nfd5 26. Rxf8+ Bxf8) 25. Ng3 $1 $11 Ne8 $2 {[%mdl 8192] [#]} (25... Rc5 $11) 26. Bb1 $2 (26. Ndf5 $1 $18 {[%cal Rf5e7][%mdl 512]} Qc5+ (26... gxf5 27. Nxf5) 27. Bd4 Bxd4+ 28. Rxd4) 26... f5 $36 {[%mdl 2048] Black is really pushing.} 27. Kh1 (27. a4 $17) 27... Nd5 (27... Nd6 $1 $19 {and Black stays clearly on top.} 28. Ba3 Nd5 29. Ngxf5 gxf5 30. Nxf5 Rxf5 31. Rxf5 Ne3 $1 {[%mdl 512]}) 28. Nge2 $2 (28. Ndxf5 $17 gxf5 29. Nxf5 Rxf5 30. Rxf5 Bxb2 31. Rfxd5) 28... Nef6 $19 {...Ng4 is the strong threat.} 29. Nc2 b4 30. a3 (30. Ne3 $142) 30... a5 31. axb4 axb4 32. Qg3 Ng4 33. Bxg7 Qxg7 34. h3 {If only White now had time for Rxd5....} Ne5 {And now ...g5 would win.} 35. Ncd4 Rfe8 36. Nf4 Rc3 {[#]} 37. Qh4 $2 {[%mdl 8192]} (37. Nxf5 $1 $17 {[%mdl 512]} gxf5 38. Qxg7+ Kxg7 39. Nxd5 Bxd5 40. Rxd5) 37... Nxf4 38. Qxf4 Ba6 39. Rfe1 Bd3 40. Ne2 Rcc8 ({Not} 40... Rxb3 41. Ba2 $17) (40... Bxb1 $142 41. Rxb1 Nd3) 41. Qe3 Red8 42. Nf4 {[%cal Rf4d3]} Qh6 $2 (42... Qf6 $1 $19 {Threatens to win with ...Bxb1.} 43. Bxd3 Nxd3 44. Nxd3 Rc3 {[%mdl 64] Double Attack, Pin}) 43. Bxd3 $15 Nxd3 (43... Rxd3 {feels hotter.} 44. Nxd3 Qxe3 45. Rxe3 Nxd3 46. Rf1 Re8) 44. Nxd3 (44. Qb6 $1 $11) 44... Qxe3 $17 45. Rxe3 exd3 46. Rexd3 Rxd3 47. Rxd3 $15 {[%mdl 4096] Endgame KR-KR} Rc3 48. Rd7 Rxb3 49. Kh2 Rc3 (49... Kf8 $1 $17 {White must now prevent ...Rc3.} 50. Rb7 f4) 50. Rb7 $11 b3 {Hoping for ...Kf8.} 51. g4 $1 fxg4 52. hxg4 Kf8 53. g5 $2 (53. Rb6 $15) 53... Ke8 54. Rb6 $2 (54. Kg2) 54... Kd7 55. Rxg6 Kc7 56. Rg7+ Kb6 57. Rg8 Kb7 (57... Rc2+ $142 58. Kh3 Kb7 59. Rf8 b2 60. Rf7+ Rc7 61. Rf4 b1=Q 62. Kh2 Qb2+ 63. Kh3 Qb3+ 64. Kg4 Qd1+ 65. Kh4 Qh1+ 66. Kg4 Qg2+ 67. Kh5 Qh3+ 68. Kg6 Qd3+ 69. Kf6 Qd6+ {[%mdl 64] Double Attack} 70. Kf5 Rf7+ 71. Ke4 Rxf4+ 72. Ke3 Qd4+ 73. Ke2 Rf2+ 74. Ke1 Qd2#) 58. Rg7+ $19 Ka6 $1 59. Rg8 {[#]} Ka7 $2 (59... Rc2+ $1 {mates} 60. Kg3 Kb7 61. Rf8 b2 62. Rf7+ Rc7 63. Rf1 Rc1 64. Rf7+ Kc6 65. Rf6+ Kd5 66. Rf5+ Kd4 67. Rf4+ Ke5 68. Rb4 b1=Q 69. Rxb1 Rxb1 70. Kf3 Kd4 71. g6 Rg1 72. Kf4 Rxg6 73. Kf5 Rc6 74. Kf4 Rc5 75. Kf3 Rf5+ 76. Kg4 Ke4 77. Kg3 Ke3 78. Kg4 Re5 79. Kg3 Re4 80. Kg2 Rg4+ 81. Kh3 Kf3 82. Kh2 Rg5 83. Kh1 Kf2 84. Kh2 Rh5#) 60. Rg7+ $1 $11 Ka6 $2 {[%mdl 8192]} (60... Kb8 $11 61. Rg8+ Kc7 62. Rg7+ Kb6 63. Rg6+ Kb7 64. Rg7+ Kc6 65. Rg6+ Kc7 66. Rg7+) 61. Rg8 {[#]} Rc2+ $1 62. Kh3 Rc7 $2 ({Better is} 62... Kb7 $19 63. Rf8 b2 64. Rf7+ Rc7) 63. Ra8+ {The position is equal.} Ra7 64. Rd8 Kb5 (64... b2 $5 65. Rd1 $8 Rh7+ 66. Kg4 Rb7 $11) 65. Rb8+ Kc4 66. Kg4 Kc3 67. g6 {Accuracy: White = 35%, Black = 40%.} 1/2-1/2

[Event "Stockholm Chess Challenge 2019"]
[Site "Stockholm"]
[Date "2019.04.27"]
[Round "3.5"]
[White "Kenneskog, Theodor"]
[Black "Siddharth, Jagadeesh"]
[Result "0-1"]
[WhiteElo "2306"]
[BlackElo "2132"]
[Annotator "NA"]
[PlyCount "66"]
[EventDate "2019.04.26"]
[EventType "swiss"]
[EventCountry "SWE"]
[SourceTitle "playchess.com"]
[Source "ChessBase"]
[SourceQuality "1"]
[TimeControl "40/5400+30:900+30"]

1. d4 {[%emt 0:00:00]} Nf6 {[%emt 0:00:00]} 2. c4 {[%emt 0:00:00]} e6 {[%emt 0:00:00]} 3. Nf3 {[%emt 0:00:00]} d5 {[%emt 0:00:00]} 4. Nc3 {[%emt 0:00:00]} Bb4 {[%emt 0:00:06]} 5. Qa4+ {[%emt 0:00:18]} Nc6 {[%emt 0:00:11]} 6. e3 {[%emt 0:00:03]} O-O {[%emt 0:00:12]} 7. Qc2 {[%emt 0:00:04]} dxc4 {[%emt 0:00:24]} 8. Bxc4 {[%emt 0:00:06]} a6 {[%emt 0:00:07]} 9. O-O {[%emt 0:01:01]} Bd6 {[%emt 0:00:07]} 10. h3 {[%emt 0:00:40]} e5 {[%emt 0:00:20]} 11. a3 {[%emt 0:00:07]} Bd7 {[%emt 0:01:52] E51: Nimzo-Indian: Rubinstein: 4...0-0 5 Nf3 d5} 12. Ba2 {[%emt 0:10:42]} (12. Rd1 exd4 13. exd4 h6 14. Be3 Ne7 15. Ne5 b5 16. Ba2 c6 17. Ne4 Nxe4 18. Qxe4 Bf5 19. Qf3 {1-0 (37) Mamedyarov,S (2768)-Inarkiev,E (2709) Doha 2016}) 12... Qe7 $146 {[%emt 0:01:45]} ({Predecessor:} 12... exd4 13. exd4 Ne7 14. Bg5 {½-½ (42) Ibragimov,I (2637)-Onischuk,A (2650) New York 2006}) 13. Rd1 {[%emt 0:02:26]} Rad8 {[%emt 0:01:52]} 14. b4 {[%emt 0:03:33]} h6 {[%emt 0:04:46]} 15. Bb2 {[%emt 0:05:45]} Rfe8 {[%emt 0:05:47]} 16. b5 {[%emt 0:06:49]} axb5 {[%emt 0:00:49]} 17. Nxb5 {[%emt 0:00:13]} e4 {[%emt 0:00:16]} 18. Nxd6 {[%emt 0:06:08]} cxd6 {[%emt 0:01:07]} 19. Nd2 {[%emt 0:01:01]} d5 {[%emt 0:04:36]} 20. Nb3 {[%emt 0:02:22]} b6 {[%emt 0:00:20]} 21. Rdc1 {[%emt 0:01:34]} Nh7 {[%emt 0:04:08]} 22. Qe2 {[%emt 0:02:21]} Qg5 {[%emt 0:02:21]} 23. Kh2 {[%emt 0:16:43]} Re6 {[%emt 0:02:58]} 24. Nd2 {[%emt 0:00:09]} Rg6 {[%emt 0:02:02]} 25. Qf1 {[%emt 0:04:49]} Qh5 {[%emt 0:04:13]} 26. f4 $2 {[%emt 0:00:43]} (26. Bb3 $17) 26... Nf6 {[%emt 0:03:42]} 27. Rc3 {[%emt 0:21:24]} Bxh3 {[%emt 0:06:15]} 28. gxh3 {[%emt 0:00:03]} Ng4+ {[%emt 0:00:07]} 29. Kh1 {[%emt 0:00:09] [#]} Qh4 $1 {[%emt 0:00:06]} 30. Rxc6 {[%emt 0:09:28]} Nf2+ {[%emt 0:00:45]} 31. Qxf2 {[%emt 0:00:02]} Qxf2 {[%emt 0:00:10]} 32. Rxg6 {[%emt 0:00:04]} fxg6 {[%emt 0:00:11]} 33. Rd1 $19 {[%emt 0:01:47]} Qxe3 {[%emt 0:00:15]} 0-1

[Event "Stockholm Chess Challenge 2019"]
[Site "Stockholm"]
[Date "2019.04.27"]
[Round "3.6"]
[White "Dev, Shah"]
[Black "Kucuksari, Kaan"]
[Result "1/2-1/2"]
[WhiteElo "2020"]
[BlackElo "2301"]
[Annotator "TA"]
[PlyCount "101"]
[EventDate "2019.04.26"]
[EventType "swiss"]
[EventCountry "SWE"]
[SourceTitle "playchess.com"]
[Source "ChessBase"]
[SourceQuality "1"]

{[%evp 15,101,0,0,0,0,0,0,-2,28,-81,-28,-127,-22,-75,-80,-93,-66,-66,-53,-121,-114,-160,-165,-166,-106,-96,-94,-97,-93,-144,-108,-136,-140,-110,-67,-69,-67,-64,-48,-64,-56,-64,-61,-64,-64,-64,-41,-39,-25,-83,-80,-96,-90,-95,-79,-122,-122,-122,-8,-8,-8,-11,-14,-191,-184,-184,-184,-185,-106,-221,-221,-220,-197,-219,-8,-8,-8,-8,0,0,0,0,0,0,0,0,0,0]} 1. d4 d5 2. c4 c6 3. Nc3 Nf6 4. Nf3 e6 5. g3 Nbd7 6. Bg2 dxc4 7. O-O Be7 8. a4 O-O 9. a5 {E01: Catalan: Early deviations} (9. e4 a5 10. Bf4 b6 11. d5 cxd5 12. exd5 exd5 13. Nxd5 Nxd5 14. Qxd5 Ra7 15. Rfd1 Nc5 16. Qxc4 Qe8 17. Nd4 Ba6 {1-0 (40) Melkumyan,H (2670)-Paravyan,D (2634) St Petersburg 2018}) 9... Nd5 10. e4 Nb4 11. Be3 b5 12. d5 $146 (12. axb6 $1 $11 Nxb6 13. Qe2) ({Predecessor:} 12. axb6 Nxb6 13. Qe2 a5 14. Rfd1 Bb7 15. Ne5 Qc7 16. h4 a4 {½-½ (49) Ketelhoehn,B (2349)-Vecek,M (2263) ICCF email 2014}) 12... a6 (12... exd5 $17 13. exd5 cxd5 14. Nxd5 Bb7 15. Nxb4 Bxb4) 13. Nd4 (13. dxe6 $11 fxe6 14. Nd4) 13... Nb8 ({Black should play} 13... c5 $1 $17 {[%cal Rc5d4]} 14. Nc2 Ne5) 14. Nxc6 (14. dxe6 $11 fxe6 15. Bh3) 14... N8xc6 $17 15. Bb6 Qe8 {aiming for ...Ne5.} 16. dxc6 Nxc6 17. e5 (17. Nd5 $1 $15 exd5 18. exd5) 17... Bb7 18. Ne4 Nxe5 19. Nd6 {[#]} Bxd6 (19... Nf3+ $1 $19 {[%mdl 512]} 20. Bxf3 Bxf3 21. Nxe8 Bxd1) 20. Bxb7 Qe7 21. Bxa8 Rxa8 22. f4 ({Better is} 22. Rc1) 22... Nd3 23. Qf3 Rc8 24. b3 e5 25. fxe5 Bxe5 26. Rad1 f6 27. Qf5 Re8 28. bxc4 bxc4 29. Rxd3 cxd3 30. Qxd3 Qb7 31. Rd1 Qc8 32. Qd7 (32. Qd5+ $11 Kh8 33. Qd7) 32... h5 33. Qd5+ Kh7 $1 34. Qd3+ Kh6 35. Be3+ g5 36. h4 Qg4 ({Don't play} 36... Bxg3 $6 37. hxg5+ fxg5 38. Bxg5+ $1 {[%mdl 512]} Kxg5 39. Qxg3+ Qg4 40. Qxg4+ Kxg4 41. Rd6 $11) (36... Qh3 $1 $17 {[%cal Rh3g3]} 37. Bf2 gxh4 38. Be3+ Kg7 39. Qd7+ Qxd7 40. Rxd7+ Kg6 41. gxh4 Kf5) 37. hxg5+ $11 fxg5 38. Bf2 h4 $36 {[%cal Rh4g3][%mdl 2048] Black has good play.} 39. Kg2 $2 {[#]} (39. Rb1 $1 $11 {and White stays safe.} Bc7 40. Qxa6+ (40. Rb7 $2 Rd8 $19) 40... Re6 41. Qa8) 39... Rf8 $1 $19 40. Rh1 Rf6 41. Qe3 Kg6 (41... Kh5 $19 42. Rc1 h3+ 43. Kh2 Qf3 44. Qxf3+ Rxf3) 42. Qxe5 (42. Re1 $17) 42... Qf3+ {[%mdl 64] Double Attack} 43. Kh2 Qxf2+ 44. Kh3 {[#]} Qxg3+ $2 (44... Qf3 $1 $19 45. Rg1 hxg3 46. Qe8+ Kh7 47. Qd7+ Kh6) 45. Qxg3 $11 {The position is equal.} hxg3 $19 {[%mdl 4096] Endgame KR-KR} 46. Rb1 $1 Rf3 47. Rb6+ Kf5 48. Rxa6 Ra3 49. Ra8 Ke4 50. a6 {[#] And now a7 would win.} g4+ $1 {[%mdl 512]} 51. Kg2 {Accuracy: White = 39%, Black = 44%.} (51. Kxg4 g2) 1/2-1/2

[Event "Stockholm Chess Challenge 2019"]
[Site "Stockholm"]
[Date "2019.04.27"]
[Round "3.7"]
[White "Fischer, Daniel"]
[Black "Kvaloy, Aksel Bu"]
[Result "0-1"]
[WhiteElo "2339"]
[BlackElo "2138"]
[Annotator "ChessBase"]
[PlyCount "68"]
[EventDate "2019.04.26"]
[EventType "swiss"]
[EventCountry "SWE"]
[SourceTitle "playchess.com"]
[Source "ChessBase"]
[SourceQuality "1"]
[TimeControl "40/5400+30:900+30"]

1. e4 {[%emt 0:00:00]} c5 {[%emt 0:00:00]} 2. Nf3 {[%emt 0:00:00]} d6 {[%emt 0:00:00]} 3. d4 {[%emt 0:00:00]} cxd4 {[%emt 0:00:00]} 4. Nxd4 {[%emt 0:00:00]} Nf6 {[%emt 0:00:04]} 5. Nc3 {[%emt 0:00:00]} a6 {[%emt 0:00:06]} 6. Be3 {[%emt 0:00:58]} e5 {[%emt 0:00:15]} 7. Nb3 {[%emt 0:00:08]} Be6 {[%emt 0:00:31]} 8. h3 {[%emt 0:00:29]} Be7 {[%emt 0:00:51]} 9. f4 {[%emt 0:00:17]} exf4 {[%emt 0:00:13]} 10. Bxf4 {[%emt 0:00:05]} Nc6 {[%emt 0:00:47]} 11. Qe2 {[%emt 0:01:27]} Nd7 {[%emt 0:00:26]} 12. O-O-O {[%emt 0:01:19]} Nce5 {[%emt 0:01:01]} 13. g4 {[%emt 0:01:54]} Rc8 {[%emt 0:02:38]} 14. Kb1 {[%emt 0:05:45]} O-O {[%emt 0:01:32]} 15. Nd5 {[%emt 0:01:27]} Bxd5 {[%emt 0:00:40]} 16. exd5 {[%emt 0:00:06]} Re8 {[%emt 0:01:46]} 17. Qg2 {[%emt 0:03:22]} Bg5 {[%emt 0:01:24]} 18. Bg3 {[%emt 0:09:05]} Bh4 {[%emt 0:01:55]} 19. Bh2 {[%emt 0:10:28]} g6 {[%emt 0:12:26]} 20. Be2 {[%emt 0:11:12]} Bf6 {[%emt 0:08:36]} 21. h4 {[%emt 0:07:15]} Nb6 {[%emt 0:08:38]} 22. g5 {[%emt 0:07:19]} Bg7 {[%emt 0:03:30]} 23. Nd4 {[%emt 0:08:40]} Nec4 {[%emt 0:14:20]} 24. Bf4 {[%emt 0:03:48]} Na4 {[%emt 0:08:11]} 25. Bxc4 {[%emt 0:05:18]} Rxc4 {[%emt 0:01:07]} 26. c3 {[%emt 0:01:22]} Qb6 {[%emt 0:04:04]} 27. Ka1 {[%emt 0:01:39]} Nxc3 {[%emt 0:04:31]} 28. bxc3 {[%emt 0:02:31]} Rxd4 {[%emt 0:01:59]} 29. Rxd4 {[%emt 0:07:59]} Bxd4 {[%emt 0:03:43]} 30. Bd2 {[%emt 0:01:06]} Rc8 {[%emt 0:06:56]} 31. Qh3 {[%emt 0:04:26]} Rc7 {[%emt 0:03:16]} 32. h5 {[%emt 0:01:10]} Qa5 {[%emt 0:06:21]} 33. cxd4 {[%emt 0:05:03]} Qxd2 {[%emt 0:00:25]} 34. hxg6 {[%emt 0:00:11]} Rc1+ {[%emt 0:00:39]} 0-1

[Event "Stockholm Chess Challenge 2019"]
[Site "Stockholm"]
[Date "2019.04.27"]
[Round "3.8"]
[White "Trost, Edvin"]
[Black "Ojas Kulkarni"]
[Result "0-1"]
[WhiteElo "2075"]
[BlackElo "2240"]
[Annotator "TA"]
[PlyCount "150"]
[EventDate "2019.04.26"]
[EventType "swiss"]
[EventCountry "SWE"]
[SourceTitle "playchess.com"]
[Source "ChessBase"]
[SourceQuality "1"]

{[%evp 9,157,-25,-24,-37,-35,-39,-20,-30,-19,-27,-27,-25,-13,-29,-18,-39,-25,-63,-50,-70,-41,-36,-27,-30,16,31,28,0,0,0,0,-68,-80,-118,-118,-110,-77,-85,-42,-34,-47,-40,-30,-20,-12,-42,-27,-41,-43,-116,-46,-112,-68,-70,-71,-67,-68,-70,-72,-74,-72,-74,-34,-85,-83,-89,-25,-27,-27,-54,-50,-97,-97,-97,-95,-95,-95,-95,-95,-95,-95,-95,-85,-97,-97,-1412,-1315,-906,-793,-12829,-12338,-5639,-6536,-4310,-882,-772,-729,-2297,-2205,-1887,-1887,-12850,-12849,-12850,-12847,-12837,-579,-29937,-29942,-29939,-29939,-29943,-11894,-29946,-29948,-12827,-12836,-12491,-12604,-6055,-9730,-6508,-6107,-5612,-4495,-2064,-1352,-29973,-29975,-29959,-12804,-29989,-29990,-29990,-29991,-29991,-29992,-29993,-29994,-29995,-29996,-29996,-29997,-29998,-29997,-29997,-29998,-29998,-29999,-29999]} 1. e4 Nf6 2. Nc3 (2. e5 Nd5 3. Nc3 Nxc3 4. bxc3 c5 5. d4 d5 6. exd6 exd6 7. dxc5 Qe7+ 8. Be2 dxc5 9. Nf3 Qc7 10. O-O Be7 11. g3 O-O 12. Bf4 Qa5 13. Re1 Nc6 {½-½ (29) Zvjaginsev,V (2666)-Shimanov,A (2565) St Petersburg 2011}) 2... d5 3. e5 Ne4 4. d4 Nxc3 5. bxc3 c5 6. Be3 {B02: Alekhine's Defence: Chase Variation and lines with early Nc3} Nc6 7. Nf3 Bg4 8. Be2 {The position is equal.} e6 9. O-O Be7 10. h3 Bh5 11. Rb1 cxd4 $146 ({Predecessor:} 11... Qc7 12. dxc5 Bxf3 13. Bxf3 Nxe5 14. Bf4 Nxf3+ 15. Qxf3 Qc6 16. c4 O-O 17. cxd5 exd5 18. c4 dxc4 19. Qxc6 bxc6 20. Rfc1 Bxc5 21. Rxc4 {½-½ (21) Zahariev,Z (2380)-Anagnostopoulos,D (2445) Agios Nikolaos 1995}) 12. cxd4 Rb8 13. Qc1 O-O 14. c4 dxc4 15. Qxc4 Rc8 $36 {[%mdl 2048] Black is more active.} 16. Qa4 ({Reject} 16. Rxb7 Na5 $17) 16... Qa5 17. Qxa5 Nxa5 18. Rfd1 Rc2 19. Rd2 Rfc8 20. Bd1 ({Better is} 20. d5 $11) 20... Rc1 $15 21. Rxc1 Rxc1 22. Kh2 Bg6 23. Be2 {next d5 is good for White.} Be4 24. d5 exd5 25. Bxa7 Nc4 26. Bxc4 dxc4 27. Rd7 Kf8 $1 {[%cal Rf8e8] ...Ke8 is the strong threat.} 28. Be3 Rc2 29. Ne1 (29. Nd4 $15 Rxa2 30. Rc7) 29... Rxa2 (29... Re2 $17 30. Rc7 f5) 30. Rc7 (30. Rd4 $1 $15) 30... Ke8 {White must now prevent ...Bc6.} 31. Rxc4 Bd5 32. Rd4 Bc6 33. Nd3 Ra4 34. Rxa4 Bxa4 $17 {[%mdl 4096] Endgame KBB-KBN} 35. Kg3 Kd7 36. Bc5 (36. Nc5+ $15 Bxc5 37. Bxc5) 36... Bb5 37. Bxe7 Bxd3 {KB-KB} (37... Kxe7 $17 38. Nf4 Bc6) 38. Bf8 g6 39. Kf4 Bf1 40. g4 Bxh3 41. g5 Bg2 42. Ke3 Ke6 43. Bd6 {[#]} Kd5 $1 44. Kd3 Bf1+ 45. Kc3 Ke4 46. f4 Bh3 47. Kb4 $2 {[%mdl 8192]} (47. e6 $17 Bxe6 48. Kb4) 47... Be6 $19 48. Be7 Kxf4 49. Bf6 Kg4 50. Kc5 Kh5 51. Kb6 Bd5 (51... h6 $142 52. gxh6 Kxh6) 52. Kc5 Bg2 53. Kd6 Bh3 54. Kc5 h6 55. gxh6 Kxh6 56. Kd4 Kh5 57. Ke4 Kg4 (57... g5 $142 58. Bd8 Bd7) 58. Bd8 Bg2+ 59. Ke3 Kf5 60. Bc7 b5 61. Bd6 Bd5 62. Kd4 Be6 63. Ke3 g5 64. Kf3 Bd5+ 65. Ke3 g4 66. Kd4 Bf3 67. Ke3 Bc6 68. Kd3 Ke6 69. Ke3 g3 70. Kf4 g2 {Black mates.} 71. Bc5 {[#]} b4 $1 72. Kg3 (72. Bxb4 g1=Q) 72... b3 73. Kh2 b2 74. Bg1 b1=Q 75. Kg3 Qxg1 0-1

[Event "Stockholm Chess Challenge 2019"]
[Site "Stockholm"]
[Date "2019.04.27"]
[Round "3.9"]
[White "Crevatin, Leo"]
[Black "Wernberg, Hugo"]
[Result "1/2-1/2"]
[WhiteElo "2208"]
[BlackElo "2009"]
[Annotator "NA"]
[PlyCount "92"]
[EventDate "2019.04.26"]
[EventType "swiss"]
[EventCountry "SWE"]
[SourceTitle "playchess.com"]
[Source "ChessBase"]
[SourceQuality "1"]
[TimeControl "40/5400+30:900+30"]

1. d4 {[%emt 0:00:00]} d5 {[%emt 0:00:00]} 2. c4 {[%emt 0:00:00]} c6 {[%emt 0:00:00]} 3. Nf3 {[%emt 0:00:00]} Nf6 {[%emt 0:00:00]} 4. Nbd2 {[%emt 0:00:00]} Bf5 {[%emt 0:00:00]} 5. Nh4 {[%emt 0:00:00]} Be4 {[%emt 0:00:04]} 6. Qb3 {[%emt 0:00:19] D11: Slav Defence: 3 Nf3 sidelines and 3...Nf6 4 e3 Bg4} Qb6 {[%emt 0:00:56]} 7. f3 {[%emt 0:04:38]} (7. e3 e6 8. Be2 Be7 9. Nxe4 dxe4 10. g3 c5 11. Bd2 cxd4 12. exd4 Nc6 13. Bc3 O-O-O {1-0 (49) Mamedyarov,S (2808)-So,W (2778) Leuven 2018}) 7... Bg6 {[%emt 0:00:31]} 8. e3 {[%emt 0:02:16]} Nbd7 {[%emt 0:01:57]} 9. Nxg6 {[%emt 0:06:31]} hxg6 {[%emt 0:00:11]} 10. Qxb6 {[%emt 0:00:39]} axb6 {[%emt 0:01:35]} 11. Kf2 {[%emt 0:10:38]} e6 {[%emt 0:03:45]} 12. a3 $146 {[%emt 0:07:17]} ({Predecessor:} 12. Bd3 dxc4 13. Nxc4 {½-½ (57) Thybo,J (2449)-Kollars,D (2503) Stroebeck 2017}) 12... Bd6 {[%emt 0:02:20]} 13. g3 {[%emt 0:01:13]} Ke7 {[%emt 0:04:45]} 14. cxd5 {[%emt 0:03:36]} cxd5 {[%emt 0:01:37]} 15. Nb3 {[%emt 0:01:46]} Rac8 {[%emt 0:04:40]} 16. Bd2 {[%emt 0:05:23]} g5 {[%emt 0:04:40]} 17. Rc1 {[%emt 0:23:15]} Rxc1 {[%emt 0:01:00]} 18. Bxc1 {[%emt 0:00:57]} g4 {[%emt 0:00:41]} 19. fxg4 {[%emt 0:01:13]} Nxg4+ {[%emt 0:00:48]} 20. Kg2 {[%emt 0:00:05]} Ngf6 {[%emt 0:06:10]} 21. Bd3 {[%emt 0:02:07]} Ne4 {[%emt 0:00:22]} 22. Bxe4 {[%emt 0:09:35]} dxe4 {[%emt 0:00:04]} 23. Bd2 {[%emt 0:00:31]} Rc8 {[%emt 0:00:43]} 24. Rc1 {[%emt 0:01:04]} Rxc1 {[%emt 0:00:11]} 25. Bxc1 {[%emt 0:00:22]} f5 {[%emt 0:01:44]} 26. Bd2 {[%emt 0:00:58]} Nf6 {[%emt 0:01:22]} 27. Nc1 Nd5 {[%emt 0:00:24]} 28. Ne2 {[%emt 0:02:59]} Kd7 {[%emt 0:01:26]} 29. Nc3 Nxc3 {[%emt 0:02:02]} 30. Bxc3 {[%emt 0:04:09]} g6 {[%emt 0:00:26]} 31. Kf2 {[%emt 0:00:15]} Kc6 {[%emt 0:01:58]} 32. Ke2 {[%emt 0:00:01]} Kb5 {[%emt 0:13:55]} 33. Kd2 {[%emt 0:00:17]} Ka4 {[%emt 0:01:52]} 34. Kc2 {[%emt 0:00:10]} Bf8 {[%emt 0:00:28]} 35. Bd2 {[%emt 0:01:48]} Kb5 {[%emt 0:01:15]} 36. Kb3 {[%emt 0:00:27]} Kc6 {[%emt 0:00:16]} 37. Bb4 {[%emt 0:04:56]} Bh6 {[%emt 0:00:15]} 38. Bd2 $11 {[%emt 0:00:01]} Bf8 {[%emt 0:00:17]} 39. a4 {[%emt 0:01:06]} b5 {[%emt 0:00:58]} 40. axb5+ {[%emt 0:01:51]} Kxb5 {[%emt 0:00:03]} 41. Be1 {[%emt 0:21:57]} Bh6 {[%emt 0:15:19]} 42. Bd2 {[%emt 0:00:01]} Bf8 {[%emt 0:00:25]} 43. Be1 {[%emt 0:00:00]} Bh6 {[%emt 0:00:00]} 44. Bd2 {[%emt 0:00:00]} Bf8 {[%emt 0:00:00]} 45. Be1 {[%emt 0:00:00]} Bh6 {[%emt 0:00:00]} 46. Bd2 {[%emt 0:00:00]} Bf8 {[%emt 0:00:00]} 1/2-1/2

[Event "Stockholm Chess Challenge 2019"]
[Site "Stockholm"]
[Date "2019.04.28"]
[Round "4.2"]
[White "Seo, Jung Min"]
[Black "Blomqvist, Erik"]
[Result "1/2-1/2"]
[WhiteElo "2386"]
[BlackElo "2496"]
[Annotator "TA"]
[PlyCount "80"]
[EventDate "2019.04.26"]
[EventType "swiss"]
[EventCountry "SWE"]
[SourceTitle "playchess.com"]
[Source "ChessBase"]
[SourceQuality "1"]

{[%evp 13,80,3,12,14,19,0,7,5,3,1,10,0,0,1,4,0,10,13,0,0,12,0,0,0,17,0,13,24,11,0,65,50,52,58,61,22,54,43,55,35,66,81,90,71,76,71,73,0,0,0,0,0,0,0,0,0,0,0,0,0,0,0,0,-6,-6,-7,-9,-27,0]} 1. d4 Nf6 2. c4 e6 3. Nf3 b6 4. g3 Bb7 5. Bg2 Bb4+ 6. Nbd2 O-O 7. O-O a5 8. Qc2 {E16: Queen's Indian: 4 g3 Bb7 5 Bg2 Bb4+} Bxd2 (8... c5 9. Rd1 cxd4 10. Nxd4 Bxg2 11. Kxg2 Qc7 12. b3 Rc8 13. Bb2 Qb7+ 14. N4f3 Be7 15. Rac1 d5 {½-½ (107) Sakaev,K (2580)-Predke,A (2613) Yaroslavl 2018}) 9. Bxd2 Be4 10. Qc3 {The position is equal.} d6 11. Bg5 Nbd7 12. Rac1 h6 13. Bxf6 Nxf6 14. Rfd1 Qe7 $146 ({Predecessor:} 14... Qb8 15. Bh3 b5 {½-½ (39) Krebs,J (2208)-Fauland,A (2440) Austria 2002}) 15. Nd2 Bxg2 16. Kxg2 c5 17. e4 Qb7 18. d5 Rae8 19. Qd3 Re7 20. dxe6 fxe6 21. Re1 Ng4 (21... Ref7 $11) 22. f4 $1 $14 Rd7 23. Qe2 Nf6 24. Nf3 a4 25. Rcd1 Rfd8 26. Kg1 Qc6 27. e5 Ne8 28. exd6 Rxd6 29. Rxd6 Rxd6 30. f5 ({White should play} 30. g4 $16) 30... Nc7 $11 31. Ne5 Qe8 32. Nf3 Qf8 33. Nh4 Qf6 34. Rf1 Qd4+ 35. Kg2 Qd2 36. Rf2 Qxe2 37. Rxe2 Kf7 38. Kf3 Kf6 39. fxe6 $1 Nxe6 {[#] aiming for ...Nd4+.} 40. Ke3 Ke5 {Accuracy: White = 65%, Black = 52%.} 1/2-1/2